<?xml version="1.0" encoding="UTF-8"?>
<collection xmlns="http://www.loc.gov/MARC21/slim">
 <record>
  <leader>     na                 </leader>
  <controlfield tag="001">INLIS000000000698866</controlfield>
  <controlfield tag="005">20251216010734</controlfield>
  <datafield tag="035" ind1=" " ind2=" ">
   <subfield code="a">0010-1225000172</subfield>
  </datafield>
  <controlfield tag="007">ta</controlfield>
  <controlfield tag="008">251215                g          0 ind  </controlfield>
  <datafield tag="040" ind1=" " ind2=" ">
   <subfield code="a">JIPUBAY</subfield>
  </datafield>
  <datafield tag="100" ind1="0" ind2=" ">
   <subfield code="a">Tato Octavianto</subfield>
   <subfield code="e">Pengarang</subfield>
   <subfield code="e">Tato Octavianto</subfield>
   <subfield code="e">Pengarang</subfield>
   <subfield code="e">Tato Octavianto</subfield>
   <subfield code="e">Pengarang</subfield>
   <subfield code="e">Tato Octavianto</subfield>
   <subfield code="e">Pengarang</subfield>
   <subfield code="e">Tato Octavianto</subfield>
   <subfield code="e">Pengarang</subfield>
   <subfield code="e">Tato Octavianto</subfield>
   <subfield code="e">Pengarang</subfield>
   <subfield code="e">Tato Octavianto</subfield>
   <subfield code="e">Pengarang</subfield>
   <subfield code="e">Tato Octavianto</subfield>
   <subfield code="e">Pengarang</subfield>
  </datafield>
  <datafield tag="245" ind1="1" ind2=" ">
   <subfield code="a">Toponimi wilayah di Kabupaten Banyuwangi /</subfield>
   <subfield code="c">Penulis, Tato Octavianto, Suhartatik, Akmal Rahman Hanif, dkk.; Penyunting, Yusup Khoiri, Whildan Zulfi Hamzah, Nurul Ludfia Rohmah, Widi Nugrahani, Arif Abdur Rahman, Tri Febriana Karuniawati</subfield>
  </datafield>
  <datafield tag="250" ind1=" " ind2=" ">
   <subfield code="a">cetakan pertama</subfield>
  </datafield>
  <datafield tag="300" ind1=" " ind2=" ">
   <subfield code="a">x, 542 halaman :</subfield>
   <subfield code="b">ilustrasi ;</subfield>
   <subfield code="c">17,5 cm</subfield>
  </datafield>
  <datafield tag="020" ind1=" " ind2=" ">
   <subfield code="a">978-634-96385-0-0</subfield>
  </datafield>
  <datafield tag="082" ind1=" " ind2=" ">
   <subfield code="a">910.159 828 8</subfield>
  </datafield>
  <datafield tag="084" ind1=" " ind2=" ">
   <subfield code="a">910.159 828 8 TAT t</subfield>
  </datafield>
  <datafield tag="264" ind1=" " ind2=" ">
   <subfield code="a">Banyuwangi :</subfield>
   <subfield code="b">Dinas Perpustakaan dan Kearsipan Kabupaten Banyuwangi,</subfield>
   <subfield code="c">2025</subfield>
  </datafield>
  <datafield tag="336" ind1=" " ind2=" ">
   <subfield code="2">rdacontent</subfield>
   <subfield code="a">teks</subfield>
  </datafield>
  <datafield tag="337" ind1=" " ind2=" ">
   <subfield code="2">rdamedia</subfield>
   <subfield code="a">tanpa perantara</subfield>
  </datafield>
  <datafield tag="338" ind1=" " ind2=" ">
   <subfield code="2">rdacarrier</subfield>
   <subfield code="a">volume</subfield>
  </datafield>
  <datafield tag="650" ind1=" " ind2="4">
   <subfield code="a">Toponimi</subfield>
  </datafield>
  <datafield tag="700" ind1="0" ind2=" ">
   <subfield code="a">Yusup Khoiri</subfield>
   <subfield code="e">Penyunting</subfield>
  </datafield>
  <datafield tag="850" ind1=" " ind2=" ">
   <subfield code="a">JIPUBAY</subfield>
  </datafield>
  <datafield tag="990" ind1=" " ind2=" ">
   <subfield code="a">02557/DPKBWI/2025</subfield>
  </datafield>
  <datafield tag="990" ind1=" " ind2=" ">
   <subfield code="a">02558/DPKBWI/2025</subfield>
  </datafield>
 </record>
</collection>
